Novo Cd̤igo de Processo Civil Comparado

Detalles Bibliográficos
Autor principal: Gilmar Bertolo, Još
Formato: eBook
Lenguaje:portugués
Publicado: San Pablo: JH Mizuno, 2016
Materias:
Acceso en línea:Acceso restringido

MARC

LEADER 00000nam a22000007a 4500
005 20180312232646.0
007 cr|||| ||||
008 180312s2016 br |||||s|||| 00||0 por d
020 |a 978-85-7789-296-9 
035 |a 21047 
040 |a vLex 
090 |c 7458  |d 7458 
100 1 |a Gilmar Bertolo, Još 
245 1 0 |a Novo Cd̤igo de Processo Civil Comparado  |h [Recurso electrn̤ico] /  |c Jos ̌Gilmar Bertolo 
256 |a Servicio en ln̕ea 
260 |a San Pablo:  |b JH Mizuno,  |c 2016 
300 |a 1 recurso electrn̤ico 
506 1 |a Disponible solo en los productos indicados  |d vLex Global  |d vLex Global (Academic Edition, excluding Law Schools)  |d vLex Global (U.S. Academic Edition, Law Schools)  |d vLex Global (U.S. Academic Edition, excluding Law Schools)  |d vLex Global (Academic Edition, Law Schools) 
650 0 4 |a Procedimiento Civil  |z Brasil 
740 0 |a vLex Libros (Servicio en ln̕ea) 
856 4 0 |u http://vlex.com/source/novo-codigo-processo-civil-comparado-21047  |z Acceso restringido 
942 |c BOOK 
999 0 |a Civil Procedure